000 01047aab a2200217 i 4500
001 768714001
003 CO-MdFUSB
005 20230505172548.0
008 221025s2004 sp ||||| |||| 00| 0 spa d
040 _bspa
_cCO-MdFUSB
_dCO-MdFUSB
041 _aspa
100 1 _aSinner, Rodolf von
_eautor
245 1 0 _aReligión y poder
_b: por la sostenibilidad política del mundo
_c/ Rodolf von Sinner
300 _aNúmero 308, (Noviembre, 2004), Páginas 111-122
_c; 21 cm
520 _aEn este artículo se hablara del poder como poder político, admitiendo su necesidad y reconociendo su ambigüedad y de la potenciación de mujeres y de hombres como ciudadanos en cuanto importante aportación de las iglesias, especialmente en sociedades que han pasado por una transición de un régimen autoritario a otro democrático.
650 7 _9385
_aReligión
650 7 _92645
_aPolítica
650 7 _96934
_aJusticia y política
773 0 _tConcilium
_049450
_960407
_gNúmero 308, (Noviembre, 2004), Páginas 111-122
_qPáginas 111
942 _cANA
999 _c61083
_d61083